Animaux en G - Statistiques

Statistiques générales
  • Ce quiz a été pris 170 fois
  • Le résultat moyen est 11 sur 113
Statistiques - réponses
hint answers % Correct
42 Girafe
78%
68 Gorille
78%
100 Guepard
72%
82 Grenouille
68%
51 Gnou
52%
57 Goeland
51%
99 Guenon
49%
101 Guepe
49%
96 Grue
43%
23 Geai
36%
40 Gibbon
36%
22 Gazelle
34%
37 Gerbille
31%
12 Gardon
30%
44 Girafon
28%
85 Grillon
25%
90 Grive
23%
50 Glouton
22%
93 Grizzly
22%
24 Gecko
21%
61 Goret
19%
84 Griffon
16%
89 Grison
15%
113 Gypaete
14%
92 Grizzli
13%
38 Gerboise
12%
69 Goujon
10%
21 Gavial
9%
29 Gendarme
9%
30 Genette
9%
102 Guepier
9%
8 Gamba
8%
43 Girafeau
7%
78 Grebe
7%
31 Genisse
6%
1 Galago
5%
109 Guppy
5%
6 Gallinacee
4%
25 Gelada
4%
27 Gelinotte
4%
55 Gobie
4%
71 Goura
4%
91 Grivet
4%
106 Guillemot
4%
14 Garrot
3%
49 Globicephale
3%
52 Gobemouche
3%
62 Gorette
3%
81 Grenadier
3%
95 Grondin
3%
16 Garzette
2%
41 Giganotosaure
2%
45 Girelle
2%
63 Gorfou
2%
7 Gallinule
1%
9 Gamma
1%
10 Ganga
1%
13 Gardonneau
1%
20 Gaufre
1%
28 Gemsbok
1%
32 Geocoucou
1%
33 Geometre
1%
47 Glareole
1%
53 Gobemoucheron
1%
54 Goberge
1%
58 Goglu
1%
59 Gomphe
1%
64 Gorgebleue
1%
66 Gorgone
1%
70 Goulu
1%
75 Grand-croix
1%
76 Grangousier
1%
77 Gravelot
1%
80 Gremille
1%
83 Greyhound
1%
86 Grimpereau
1%
94 Groenendael
1%
103 Guereza
1%
104 Guib
1%
105 Guifette
1%
107 Guiraca
1%
2 Galeruque
0%
3 Galidia
0%
4 Galidie
0%
5 Gallicolombe
0%
11 Gardienne
0%
15 Garrulaxe
0%
17 Gaspareau
0%
18 Gasteruption
0%
19 Gaucho
0%
26 Gelade
0%
34 Geopelie
0%
35 Geospize
0%
36 Geotrupe
0%
39 Gerygone
0%
46 Gladiateur
0%
48 Glaucope
0%
56 Gode
0%
60 Gonolek
0%
65 Gorgonaire
0%
67 Gorgonopsien
0%
72 Gourami
0%
73 Gralline
0%
74 Graminicole
0%
79 Grebifoulque
0%
87 Grimpeur
0%
88 Grimpion
0%
97 Gryphee
0%
98 Guacharo
0%
108 Guivre
0%
110 Gygis
0%
111 Gymnogene
0%
112 Gymnure
0%
Aucun quiz correspondant
Distribution des résultats
% des personnes avec chaque résultat
Percentile par nombre de réponses
Votre historique - résultats
Vous n’avez pas pris ce quiz